Vấn đề cái đẹp trong các tiểu thuyết của A. A. Phadaev Luận văn tốt nghiệp Đại học Sư phạm ngành Văn Khóa 01

में बचाया:
ग्रंथसूची विवरण
मुख्य लेखक: Nguyễn Trung Liên
स्वरूप: पुस्तक
भाषा:Undetermined
विषय:
टैग : टैग जोड़ें
कोई टैग नहीं, इस रिकॉर्ड को टैग करने वाले पहले व्यक्ति बनें!
Thư viện lưu trữ: Trung tâm Học liệu Trường Đại học Cần Thơ
LEADER 00615nam a2200157Ia 4500
001 CTU_26771
008 210402s9999 xx 000 0 und d
082 |a 809 
082 |b L305/1981 
100 |a Nguyễn Trung Liên 
245 0 |a Vấn đề cái đẹp trong các tiểu thuyết của A. A. Phadaev 
245 0 |b Luận văn tốt nghiệp Đại học Sư phạm ngành Văn Khóa 01 
245 0 |c Nguyễn Trung Liên 
650 |a soviet literature - history and criticism 
904 |i Nguyễn Quang Điền, 981020 
980 |a Trung tâm Học liệu Trường Đại học Cần Thơ